La Epidemia invisible
Gardado en:
| Formato: | Texto |
|---|---|
| Etiquetas: |
Engadir etiqueta
Sen Etiquetas, Sexa o primeiro en etiquetar este rexistro!
|
MARC
| LEADER | 00000 a a2200000 04500 | ||
|---|---|---|---|
| 001 | 12850 | ||
| 003 | |||
| 040 | |||
| 245 | |a La Epidemia invisible | ||
| 773 | |g volumen 29, número 9; páginas 3-6 | ||
| 999 | |c 38224 |d 38224 | ||
